000
00294nam a22001337a 4500
008
180911b xxu||||| |||| 00| 0 eng d
020
_a
9781428263635
041
_a
eng
080
_a
004
100
_a
30
101
_a
SHM
245
_a
Connect College Reading
_c
Dole,I g
942
_2
udc
_c
BK
999
_c
47664
_d
47664